| 000 | 01058nas a2200349 4500 | ||
|---|---|---|---|
| 001 | BR2014002076 | ||
| 003 | BR-BrBNA | ||
| 005 | 20231205123927.0 | ||
| 007 | ta | ||
| 008 | 230509b bl.|||p| |||| 00| 00por d | ||
| 040 |
_aBR-BrBNA _bpor _cBiblioteca Nacional de Agricultura |
||
| 041 | _a(Pt) | ||
| 072 | _aF04; L51 | ||
| 100 | 1 | _aOliveira, I.P. de | |
| 100 | 1 | _aCastro, F.G.F. | |
| 100 | 1 | _aMoreira, F.P. | |
| 100 | 1 | _aPaixão, V.V. da | |
| 100 | 1 | _aCustódio, D.P. | |
| 100 | 1 | _aSantos, R.S.M. dos | |
| 100 | 1 | _aFaria, C.D. | |
| 100 | 1 | _aCosta, K.A. de P. | |
| 245 | 1 |
_aEfeitos qualitativo e quantitativo da aplicação de fósforo no capim Tanzânia-1 _b1910 |
|
| 650 | _aFERTILIDADE DO SOLO | ||
| 650 | _aPANICUM MAXIMUM | ||
| 650 | _aFERTILIZANTE FOSFATADO | ||
| 650 | _aNUTRIÇÃO ANIMAL | ||
| 650 | _aPASTAGEM | ||
| 650 | _aGOIÁS | ||
| 773 | 0 |
_tPesquisa Agropecuária Tropical (Brazil) _xISSN 1517-6398 _g(Jan-Jun 2000), v. 30(1) p. 37-41 _wBR2014002076 |
|
| 909 |
_a202311 _bLúcia _c55 _dLúcia Elande |
||
| 942 |
_2AGRIS _n0 _cANA |
||
| 999 |
_c236426 _d236426 |
||